Statistics for 10 Closest Megacities to Lagos

Click here to take the quiz!

General Stats

  • This quiz has been taken 61 times
  • The average score is 8 of 10

Answer Stats

kmcitymiles% Correct
5021London3120
96%
3920Cairo2436
93%
4715Paris2930
93%
4606Istanbul2862
88%
4502Johannesburg2797
86%
1792Kinshasa1113
82%
6021Rio de Janeiro3741
80%
6365São Paulo3955
80%
6259Moscow3889
79%
5871Tehran3648
68%

Score Distribution

Percentile by Number Answered

Percent of People with Each Score

Your Score History

You have not taken this quiz